| 000 | 01256nam a22002175i 4500 | ||
|---|---|---|---|
| 001 | 160906 | ||
| 003 | ES-MaACL | ||
| 005 | 20230906212143.0 | ||
| 008 | 990119s1878 sp |||| | spa d | ||
| 040 |
_aCCPB | B _bspa _cCCPB | B |
||
| 100 | 1 |
_aOlave y Díez, Serafín. _986672 |
|
| 245 | 1 | 3 |
_aEl pacto político como fundamento histórico general de la nacionalidad española y especialmente como manifestación legal de la soberanía independiente de Navarra en unas épocas y en otras de su autonomía sin perjuicio de la unidad nacional _b: obra dedicada a Navarra y en su representación a la Excma. Diputación Foral / _cpor Serafín Olave y Díez ; con un prólogo de Antonio Redondo Orriols. |
| 260 |
_aMadrid : _b[s.n.], _c1878 ( _fImprenta de la Nueva Prensa) |
||
| 300 |
_aXVIII, 280 p. ; _c18 cm. |
||
| 530 | _aDisponible en formato digital. | ||
| 650 | 4 |
_aFueros- _zNavarra (Comunidad Autónoma)- _vHistoria. _9150811 |
|
| 651 | 4 |
_aNavarra (Comunidad Autónoma)- _xHistoria. _99101 |
|
| 700 | 1 |
_aRedondo y Orriols, Antonio. _9131653 |
|
| 852 |
_aES-MaACL _jT-287-F-4 _z-- Enc. hol. _q-- Falto de la cub. original _z-- Enc. en un vol. facticio |
||
| 856 |
_uhttp://bdh-rd.bne.es/viewer.vm?id=0000149170&page=1 _zBiblioteca Digital Hispánica |
||
| 999 |
_c160906 _d160906 |
||